Kontury państw - Statystyki

Ogólne statystyki
  • Ten quiz został rozwiązany 1 591 razy
  • Średni wynik to 12 z 16
Statystyki odpowiedzi
Obrazkowy Odpowiedź % Poprawnych
Polska
100%
Stany Zjednoczone
96%
Chile
95%
Australia
91%
Rosja
91%
Ukraina
90%
Japonia
88%
Chiny
86%
Kazachstan
79%
Tajlandia
76%
Słowacja
70%
Łotwa
64%
Estonia
62%
Ekwador
46%
Kolumbia
46%
Azerbejdżan
41%
Nie znaleziono quizów pasujących do podanych kryteriów
Rozkład punktacji
Procent ludzi z każdym wynikiem
Percentyl według liczby udzielonych odpowiedzi
Twoja historia wyników
Nie rozwiązałeś tego quizu